MARC details
| 000 -LÍDER |
| campo de controle de tamanho fixo |
01447nam a2200349 4500 |
| 001 - NÚMERO DE CONTROLE |
| campo de controle |
42 |
| 003 - IDENTIFICADOR DO NÚMERO DE CONTROLE |
| campo de controle |
OSt |
| 005 - DATA E HORÁRIO DA ÚLTIMA TRANSAÇÃO |
| campo de controle |
20250528074010.0 |
| 008 - CAMPO DE DADOS FIXOS--INFORMAÇÃO GERAL |
| campo de controle de tamanho fixo |
250122b |||||||e |||| 00| 1 eng d |
| 020 ## - ISBN - INTERNATIONAL STANDARD BOOK NUMBER |
| ISBN - International Standard Book Number |
8520904742 |
| 040 ## - FONTE DA CATALOGAÇÃO |
| Idioma da catalogação |
por |
| 041 ## - CÓDIGO DE IDIOMA |
| Código do idioma do original e/ou traduções intermediárias do texto |
eng |
| Código do idioma do texto/trilha sonora ou título diferente |
por |
| 082 ## - CDD - CLASSIFICAÇÃO DECIMAL DE DEWEY |
| Número de Classificação |
823 |
| Número do exemplar |
B152s |
| 100 1# - ENTRADA PRINCIPAL--NOME PESSOAL |
| Nome pessoal |
Baigent, Michael, |
| Datas associadas ao nome |
1948-2013 |
| 9 (RLIN) |
114 |
| 240 ## - TÍTULO UNIFORME |
| Título uniforme |
The holy blood and the holy Grail |
| 245 ## - TÍTULO |
| Título |
O Santo Graal e a linhagem Sagrada / |
| Indicação de responsabilidade, etc. |
Baigent, Michael ; Leigh, Richard ; Lincoln, Henry e Tradução de Nadir Ferrari |
| 250 ## - EDIÇÃO |
| Declaração de edição |
3° edição |
| 260 ## - PUBLICAÇÃO, DISTRIBUIÇÃO, ETC. |
| Local de publicação, distribuição, etc. |
Rio de Janeiro |
| Nome do editor, distribuidor, etc. |
Nova Fronteira |
| Data da publicação, distribuição, etc. |
1993 |
| 300 ## - DESCRIÇÃO FÍSICA |
| Extensão |
407 p. |
| 520 ## - NOTA DE RESUMO, ETC. |
| Resumo, etc. |
Neste livro, os autores apresentam a hipótese de que o Jesus histórico se casou com Maria Madalena, tiveram dois ou mais filhos, e que as crianças ou os seus descendentes emigraram para a atual região sul da França. Uma vez lá, eles se envolveram com as famílias nobres que acabariam por tornar-se a dinastia merovíngia, cuja pretensão especial para o trono da França é defendida hoje por uma sociedade secreta chamada Priorado de Sião. |
| 650 #0 - ASSUNTO--TERMO TÓPICO |
| Cabeçalho tópico ou nome geográfico |
Literatura Inglesa |
| 9 (RLIN) |
89 |
| 650 #0 - ASSUNTO--TERMO TÓPICO |
| Cabeçalho tópico ou nome geográfico |
Religião |
| 9 (RLIN) |
100 |
| 650 #0 - ASSUNTO--TERMO TÓPICO |
| Cabeçalho tópico ou nome geográfico |
Catolocismo |
| 9 (RLIN) |
115 |
| 650 #0 - ASSUNTO--TERMO TÓPICO |
| Cabeçalho tópico ou nome geográfico |
História |
| 9 (RLIN) |
116 |
| 650 #0 - ASSUNTO--TERMO TÓPICO |
| Cabeçalho tópico ou nome geográfico |
Polêmica |
| 9 (RLIN) |
117 |
| 655 #0 - TERMO DE ÍNDICE--GÊNERO E FORMA |
| Gênero/forma/ou termo foco |
Romance |
| 655 #0 - TERMO DE ÍNDICE--GÊNERO E FORMA |
| Gênero/forma/ou termo foco |
Ficção |
| 700 ## - ENTRADA ADICIONADA - NOME PESSOAL |
| Nome pessoal |
Leigh, Richard |
| Função do autor por extenso |
Autor |
| 9 (RLIN) |
118 |
| 700 ## - ENTRADA ADICIONADA - NOME PESSOAL |
| Nome pessoal |
Lincoln, Henry |
| Função do autor por extenso |
Autor |
| 9 (RLIN) |
119 |
| 700 ## - ENTRADA ADICIONADA - NOME PESSOAL |
| Nome pessoal |
Nadir Ferrari |
| Função do autor por extenso |
Tradutor |
| 9 (RLIN) |
120 |
| 942 ## - ELEMENTOS DE ENTRADA ADICIONADOS (KOHA) |
| Fonte de classificação ou esquema de arquivamento |
Classificação decimal de Dewey |
| Ocultar no OPAC |
Não |
| Tipo de material Koha |
Livros |